00488 2200169 4500001002100000008004100021035002000062245008100082100001600163260003900179300001200218020002200230084001600252082000800268650002300276990001900299INLIS000000000001003 ind  a0010-0724001003 aMengenal Bangun Dan Belajar PecahanbBangun Dan Belajar PecahancAndrew king aAndrew king aJakarta :bGading inti primac2012 a60 hlm. a978-602-8608-66-4 a519.3 AND M a519 aMatematika Terapan aP29/CP/24/1003